| 000 | 00485nam a2200193 4500 | ||
|---|---|---|---|
| 005 | 20131010044942.0 | ||
| 008 | 750319 1973 eng u | ||
| 041 | 0 | _aeng | |
| 080 | _a159.9 | ||
| 100 | 1 |
_aMay, Rollo _cPh.D. |
|
| 245 | 1 | 0 | _aMan's search for himself. |
| 260 |
_aNew York, _bDell _c[c1953, 1973] |
||
| 300 |
_a281 p. _c21 cm. |
||
| 490 | 0 | _aA Delta book | |
| 500 | _aPreface f. : [VII]-[VIII] | ||
| 500 | _aIncludes indexes. | ||
| 650 | 0 | _aPsikologjia | |
| 942 |
_2udc _cBK |
||
| 999 |
_c83 _d83 |
||